000 01321nam a2200349 c 4500
003 BLK
005 20250509155832.0
008 180409b bul|||||r ||||||| ||bul||
010 _aKNG00103336000
020 _a954-585-365-4
_bиздат.: Бард
040 _aBLK
041 _aBUL
_cBUL
080 _aАмериканска литература (на САЩ)
_b821.111(73)
_x-312.4
_z821.111(73)-312.4
100 1 _aРолинс, Джеймс
_eпърви автор
_gЧайковски, Джим
_9116829
700 1 _aМечков, Венелин
_eпрев.
_9365716
139 _aРолинс, Джеймс
_bР 82
245 1 0 _aПоследната тайна на Земята
_bРоман
_cДжеймс Ролинс; прев. Венелин Мечков.
257 _aUSA
260 София
_bБард
_c2002
_fХасково : Полиграфюг
300 _a416 с.
_c20 см
380 _aX
490 1 _aКралете на трилъра
_v128
500 _aОриг. загл. Subterranean / James Rollins. - Офс. изд.
653 _aромани
653 _aтрилъри
852 _aЦб 212654
856 4 _qpdf
_u
856 4 _qpdf
_u
942 _cKNG
_n0
_025
944 _aCR
_c01.01.2002
_lРусанова Ирена
_k30542
944 _aED
_c15.04.2013
_lф /
_k
999 _c98394
_d98394